00474nam a2200133Ia 4500008004100000024006100041082001800102100007700120245004000197260002600237600002700263650003300290999001700323260210s9999 xx 000 0 und d a11B-174-EL, 11B-183-EL, 11B-184-EL, & 11B-193-EL a629.83072 DAN aDaniyal Abdul Aziz, Sabeeh ul Islam, Muhammad Faizan & Talha Pervaiz 0aContactless Liquid Level Controller aKarachi:bUITU,c2011 aElectrical Engineering aBachelor of Engineering (BE) c33232d33232